000 00558cam a22002053a 4500
001 40511
003 PGUSA
005 20140828083914.0
008 120815s2012||||xxu|||||s|||||000 | eng d
040 _aPGUSA
_beng
042 _adc
100 1 _aBennett, Rolf
245 1 0 _aCommander Lawless V.C.
_h[electronic resource] /
_cRolf Bennett
260 _bProject Gutenberg,
_c2012
506 _aPublic domain in the USA.
516 _aElectronic text
830 0 _aProject Gutenberg
_v40511
856 4 0 _uhttp://www.gutenberg.org/ebooks/40511
942 _cEB
999 _c269764
_d269764